|
|
|
|
| LEADER |
00000nam0a2200000 4500 |
| 001 |
50329 |
| 005 |
20231031032853.0 |
| 035 |
|
|
|a (RuTPU)RU\TPU\book\52708
|
| 090 |
|
|
|a 50329
|
| 100 |
|
|
|a 20030414d1979 km y0rusy50 ca
|
| 101 |
0 |
|
|a rus
|
| 102 |
|
|
|a RU
|
| 105 |
|
|
|a a z 001zy
|
| 200 |
1 |
|
|a Проектирование экономичных технологических процессов в машиностроении
|f В. В. Матвеев , Ф. И. Бойков, Ю. Н. Свиридов
|
| 210 |
|
|
|a Челябинск
|c Южно-Уральское кн. изд-во
|d 1979
|
| 215 |
|
|
|a 111 с.
|c ил.
|
| 320 |
|
|
|a Библиогр.: с. 99.
|
| 610 |
1 |
|
|a машиностроение
|
| 610 |
1 |
|
|a технологические процессы
|
| 610 |
1 |
|
|a проектирование
|
| 610 |
1 |
|
|a размерный анализ
|
| 610 |
1 |
|
|a размерные цепи
|
| 610 |
1 |
|
|a детали машин
|
| 610 |
1 |
|
|a изготовление
|
| 610 |
1 |
|
|a ЭВМ
|
| 610 |
1 |
|
|a применение
|
| 675 |
|
|
|a 621.002:658.512
|v 3
|
| 700 |
|
1 |
|a Матвеев
|b В. В.
|g Вилен Васильевич
|
| 701 |
|
1 |
|a Бойков
|b Ф. И.
|g Фендор Иванович
|
| 701 |
|
1 |
|a Свиридов
|b Ю. Н.
|g Юрий Николаевич
|
| 801 |
|
1 |
|a RU
|b 63413507
|c 20030414
|g PSBO
|
| 801 |
|
2 |
|a RU
|b 63413507
|c 20160315
|g PSBO
|
| 942 |
|
|
|c BK
|